Word Ladder: Signs of Spring Quiz Stats

Quiz Updated Mar 20, 2018

Challenge
Share
Tweet
Embed
Score 0/24 Timer 03:00
0 Plays Today
Hint 4-Letter Word % Correct
* Spring weather temperature ** WARM *
98.4%
* Brought into the world ** BORN *
98.4%
Farm structureBARN
98%
* Nest builder ** BIRD *
97.9%
* Grub found in apples ** WORM *
97.6%
Eroded, usedWORN
96.6%
Shakespeare, for oneBARD
95.2%
* Air current ** WIND *
93.7%
Feral, out of controlWILD
92.6%
SecureBIND
90.9%
* Dandelion or goldenrod, e.g. ** WEED *
89.8%
* Cornfield bird ** CROW *
89%
Hint 4-Letter Word % Correct
* Sow to start a garden ** SEED *
88.1%
Use an acetylene torchWELD
87.5%
Snow gliderSLED
86.8%
* Cultivate ** GROW *
86.3%
Rowing teamCREW
85.5%
MasticateCHEW
82.3%
RadiateGLOW
82.3%
* Sign of spring; melt ** THAW *
71.6%
Tobacco wadCHAW
70.8%
* Farm furrower ** PLOW *
69.4%
Trudge alongPLOD
65.1%
Slipped, old styleSLOD
64.7%

Today's Daily Dose

Word Ladder
'90s Movies

Quick Pick
'Fire' Movies

On This Day
June 19th II

You're not logged in!

Compare scores with friends on all Sporcle quizzes.
Join for Free
OR
Log In

You Might Also Like...

Show Comments

Extras

Top Quizzes Today


Score Distribution

Your Account Isn't Verified!

In order to create a playlist on Sporcle, you need to verify the email address you used during registration. Go to your Sporcle Settings to finish the process.

Report this User

Report this user for behavior that violates our Community Guidelines.

Details: